00351nam a2200133Ia 450000500170000000800410001702000150005808200130007310000220008624500170010826000440012530000160016950000320018520250324020309.0240331s9999 xx 000 0 und d a9559078011 bWIJa891 aWijesiriwardena,S 0aNil kirillee aColombobWomen & media collectingc1998 aiv, 72 p ., aChoola kuwan vithili nadaka